01030cam a2200265 a 450000100100000000500170001000800410002702000150006804000250008308200170010810000420012524500460016726000430021330000210025649000310027750000470030850400320035558600300038765000280041765000320044583000380047795201140051595201200062999900150074900000642620200929153929.0811024s1981 sp b 000 1 spa  a8423311007 aDO-SdBNPbspacBNPHU a863.64bZ36c1 aZaragoza, Juan Ramón,d1938-91784310aConcerto grosso /cJuan Ramón Zaragoza. aBarcelona, España :bDestino,c1981. a268 p. ;c22 cm.1 aÁncora y Delfín ;v552 aIncluye datos biográficos en las solapas aBibliografía : p. 267-269 aPremio Eugenio Nadal 1980 4aNovela española91123 4aLieratura española917844 0aÁncora y Delfín ;n552917845 001050718MOaGRbGRcHDd2009-08-28iLF1l0o863.64 Z36cp6426-10r2020-06-25w2020-06-25y1ZNo se presta 001150718MOaGRbGRcMId2017-06-06iLF1l0o863.64 Z36cp6426-20r2020-06-25te. 2w2020-06-25y1ZNo se presta c6221d6221